000 00877nam a2200229 i 4500
001 13109
003 ES-MaACL
005 20230906150508.0
007 t|
008 971209s1991 sp ||||1| spa d
020 _a84-7483-793-6
080 _a72.025.4(063)
111 2 _aJornadas sobre Restauración y Conservación de Monumentos (
_d1989.
_cMadrid)
_9891
245 1 0 _aJornadas sobre restauración y conservación de monumentos
_b: Madrid, 24 y 25 de abril de 1989.
250 _a[1ª ed.].
260 _aMadrid :
_bInstituto de Conservación y Restauración de Bienes Culturales,
_c1991.
300 _a203 p. :
_bil. ;
_c30 cm.
504 _aBibliografía.
650 1 4 _aMonumentos-
_xRestauración-
_vCongresos y asambleas.
_915184
710 2 _aInstituto de Conservación y Restauración de Bienes Culturales (España)
_94845
852 _aES-MaACL
_jL-20421
_bR.120327
999 _c13109
_d13109